000
00246nam a22001217a 4500
041
_a
ENG
100
_a
Prihar .S.S
245
_a
Irrigation Of Field Crops
260
_a
Delhi
_b
Published
_c
1998
300
_a
142
650
_a
IDE
856
_u
IDE
999
_c
490
_d
490